000 00611nam a22001817a 4500
005 20251108164045.0
008 250721s1996 xx 000 0 ara d
082 1 4 _a347.409565/سرح
100 1 _aالسرحان، عدنان إبراهيم
245 1 0 _aشرح القانون المدني :
_bالعقود المسماه في المقاوله ، الوكاله ، الكفاله /
264 1 _aعمان :
_bمكتبة دار الثقافه،
_c1996.
300 _a252ص
650 1 7 _aالقانون المدني
650 1 7 _aالعقود
650 1 7 _aالأردن
942 _2ddc
_cBK
999 _c2512
_d2512